Supervízia v boji proti mobbingu u sociálnych pracovníkov vo verejnej správe

Supervízia - pojem. Funkcie supervízie. Štyri základné typy supervízie, formy supervízie. Supervízia v sociálnej práci je metódou kontinuálneho rozvoja profesionálnych schopností sociálneho pracovníka, ktoré dosahuje za pomoci kvalifikovaného supervízora prostredníctvom reflexie, podpory, superízny...

Descrizione completa

Salvato in:
Dettagli Bibliografici
Autore principale: Grigerová, Adriana
Altri autori: Pekarčík, Ľubomír
Natura: Capitolo di libro
Lingua:slovacco
Soggetti:
Tags: Aggiungi Tag
Nessun Tag, puoi essere il primo ad aggiungerne!!

MARC

LEADER 00000nla a2200000 4500
001 0233345
005 20240417075122.2
041 0 |a slo 
044 |a SK 
245 1 0 |a Supervízia v boji proti mobbingu u sociálnych pracovníkov vo verejnej správe  |c Adriana Grigerová, Ľubomír Pekarčík 
520 |a Supervízia - pojem. Funkcie supervízie. Štyri základné typy supervízie, formy supervízie. Supervízia v sociálnej práci je metódou kontinuálneho rozvoja profesionálnych schopností sociálneho pracovníka, ktoré dosahuje za pomoci kvalifikovaného supervízora prostredníctvom reflexie, podpory, superíznych metód a techník a zároveň chráni sociálneho pracovníka pred vznikom mobbingu. Mobbing na pracovisku - výskum na konkrétnych pracoviskách. 
610 2 0 |a práca sociálna 
610 2 0 |a pracovníci sociálni 
610 2 0 |a správa verejná 
610 2 0 |a supervízia 
610 2 0 |a supervízori 
610 2 0 |a mobbing 
100 1 |a Grigerová, Adriana 
700 1 |a Pekarčík, Ľubomír